Pasteleros. Rama pastelería. CCT 272/1996. CABA y Provincia de Buenos Aires. Acuerdo salarial 2018 (Registro nro. 34037)

Detalles MARC
000 -LEADER
fixed length control field 00380 a2200109 4500
001 - CONTROL NUMBER
control field ART_46897
005 - DATE AND TIME OF LATEST TRANSACTION
control field 20260410162031.0
008 - FIXED-LENGTH DATA ELEMENTS--GENERAL INFORMATION
fixed length control field 260409a
100 1# - MAIN ENTRY--PERSONAL NAME
Personal name Godoy, Laura M.
245 10 - TITLE STATEMENT
Title Pasteleros. Rama pastelería. CCT 272/1996. CABA y Provincia de Buenos Aires. Acuerdo salarial 2018
773 0# - HOST ITEM ENTRY
Title Liquidación de sueldos
Related parts - N° 146 (jul. 2018)
Record control number REV44399

No hay ítems disponibles.